000 00688nam a2200253Ia 4500
003 OSt
005 20221005052205.0
006 a|||||r|||| 00| 0
007 ta
008 221004b |||||||| |||| 00| 0 eng d
020 _a92 803 1200 6 (pbk)
024 _a108195
037 _cTextual
040 _aCRL
_cCRL
_beng
041 _2eng
_aeng
082 _aT2:8K, P0
100 _aBray Mark
245 0 _aDouble - shift schooling
_b Design and operation for cost - effectiveness
260 _aLondon
_bCommonwealth Secretariat UK
_c2000
300 _a92p.
_ccm.
650 _aEDUCATION
942 _hT2:8K, P0
_cTEXL
_2cc
999 _c959951
_d959951